00856cam a2200241 a 450000100100000000500170001000800410002703500190006804000300008708200170011710000290013424501120016326000380027530000280031349000440034150000340038550400330041965000220045265000220047465000440049670000270054083000470056700001090820200929162321.0980609s1994 pe a b 001 0 spa  a(DLC) 98158511 aDO-SdBNPbspacDLCdBNPHU a304.2bG923e1 aGudynas, Eduardo,d1960-10aEcología social :bmanual de metodologías para educadores populares /cEduardo Gydinas y Graciela Evia. aLima, (Perú) :bTarea :,c1994. a239 p. :bil. ;c21 cm.1 aBiblioteca de educación de adultosv9 aQuinto Centenario (España). aBibliografías: p. 229-236. 4aEcología social 4aEcología humana 4aHombresxInfluencia sobre la naturaleza1 aEvia, Graciela,d1964- 0aBiblioteca de educación de adultos ;v9.